Essentials of business finance
| Main Author: | |
|---|---|
| Format: | Book |
| Published: |
New Dehli :
Deep & Deep Publications Pvt.Ltd ,
2006
|
| Subjects: |
MARC
| LEADER | 00000cam a2200000 7i4500 | ||
|---|---|---|---|
| 001 | 0000032578 | ||
| 005 | 20120608.0 | ||
| 008 | 120608 | ||
| 020 | |a 8176297771 | ||
| 090 | 0 | 0 | |a 658.1 |b GOE |
| 100 | 1 | |a Goel, Sandeep | |
| 245 | 1 | 0 | |a Essentials of business finance |c Sandeep Goel |
| 260 | |a New Dehli : |b Deep & Deep Publications Pvt.Ltd , |c 2006 | ||
| 650 | 0 | |a Business enterprises |x finance | |
| 650 | 0 | |a Corperations |x finance | |
| 999 | |a 0001024342 |b Book |c Adult Collection |e Cawangan Urban Transformation Centre | ||